Les Marques de Bière distribuées en France - Statistiques

Statistiques générales
  • Ce quiz a été pris 2 072 fois
    2 071 depuis la dernière actualisation
  • Le résultat moyen est 8 sur 36
Statistiques - réponses
Marque % Correct
Heineken
91%
1664
76%
Leffe
76%
Desperado's
68%
Kronenbourg
68%
Grimbergen
49%
Corona
47%
La Chouffe
43%
La Goudale
36%
Pelforth
30%
Affligem
27%
Guinness
27%
Carlsberg
20%
Hoegaarden
19%
Stella Artois
19%
Budweiser
18%
Skoll
16%
Tourtel
9%
Amstel
8%
Fischer
8%
Tripel Karmeliet
8%
Kanterbräu
7%
Meteor
7%
33 Export
6%
Bavaria
6%
Jenlain
4%
Tsingtao
4%
Adelscott
2%
Beck's
2%
Kilkenny
2%
Tuborg
2%
Buckler
1%
Foster's
1%
Koenigsbier
1%
La Trappe
1%
Petrus
1%
Aucun quiz correspondant
Distribution des résultats
% des personnes avec chaque résultat
Percentile par nombre de réponses
Votre historique - résultats
Vous n’avez pas pris ce quiz depuis la dernière actualisation